| LEADER | 00407cam a2200133 7i4500 | ||
|---|---|---|---|
| 001 | 0000030390 | ||
| 005 | 20131014090000.0 | ||
| 090 | 0 | 0 | |a T 382.7 |b PAK (PAK) |
| 245 | 0 | 0 | |a Pakistan customs tariff (as amended up to 30th June 2013). |
| 260 | 0 | 0 | |a [S.l]: |b Federal Board of revenue, |c 2013. |
| 300 | # | # | |a [v.p]. |
| 650 | 0 | 0 | |a Tariff -- |z Pakistan |
| 651 | 0 | 0 | |a Pakistan |
| 999 | |a 0000033283 |b Book |c Tariffs |e Business Information Centre | ||